header

Alexandri Lycopolitani Contra Manichaei opiniones disputatio (Record no. 210060)

MARC details
000 -LEADER
fixed length control field 01368nam a2200337 a 4500
100 0# - MAIN ENTRY--AUTHOR NAME
Personal name Alexander,
245 10 - TITLE STATEMENT
Title Alexandri Lycopolitani Contra Manichaei opiniones disputatio
250 ## - EDITION STATEMENT
Edition statement Ed. stereotypa editionis primae [1895].
260 ## - PUBLICATION, DISTRIBUTION, ETC. (IMPRINT)
Place of publication Stuttgart :
Name of publisher Teubner,
Year of publication 1989.
300 ## - PHYSICAL DESCRIPTION
Number of Pages xxxi, 50 p.
500 ## - GENERAL NOTE
General note Includes index.
650 #0 - SUBJECT ADDED ENTRY--TOPICAL TERM
Topical Term Manichaeism
Topical Term Christianity
700 1# - ADDED ENTRY--PERSONAL NAME
Personal name Brinkmann, Augustus.
856 40 - ELECTRONIC LOCATION AND ACCESS
Uniform Resource Identifier http://site.ebrary.com/lib/rucke/Doc?id=10591291

No items available.

© 2026 Rongo University
Contact us: librarian | system librarian | Rongo university